5 μεγαλύτεροι οικισμοί της Ελλάδας ανά γράμμα - Statistics

General Stats
  • This quiz has been taken 54 times
  • The average score is 38 of 120
Answer Stats
Γράμμα Πληθυσμός Απάντηση % Correct
Α 3.257.611 Αθήνα
100%
Α 57.812 Αλεξανδρούπολη
93%
Β 118.707 Βόλος
93%
Η 1.171 | 153.653 Ηράκλειο
91%
Θ 789.191 Θεσσαλονίκη
89%
Π 168.202 Πάτρα
89%
Κ 54.100 Καλαμάτα
84%
Τ 61.653 Τρίκαλα
82%
Β 43.158 Βέροια
80%
Δ 44.823 Δράμα
80%
Ξ 56.122 Ξάνθη
80%
Α 21.895 Άρτα
78%
Ι 65.574 Ιωάννινα
78%
Λ 144.651 Λάρισα
78%
Ρ 49.541 Ρόδος
78%
Λ 52.006 Λαμία
76%
Ρ 32.468 Ρέθυμνο
76%
Χ 53.910 Χανιά
76%
Α 55.097 Αγρίνιο
73%
Σ 58.287 Σέρρες
73%
Σ 18.926 Σπάρτη
73%
Κ 54.027 Καβάλα
71%
Κ 50.990 Κομοτηνή
71%
Κ 41.066 Κοζάνη
71%
Τ 30.866 Τρίπολη
71%
Π 24.359 Πύργος
69%
Ε 18.229 Έδεσσα
67%
Η 9.145 Ηγουμενίτσα
67%
Ν 14.203 Ναύπλιο
67%
Χ 59.125 Χαλκίδα
67%
Κ 55.997 Κατερίνη
64%
Φ 17.686 Φλώρινα
64%
Π 19.042 Πρέβεζα
62%
Γ 13.137 Γρεβενά
60%
Θ 22.883 Θήβα
60%
Μ 12.785 Μεσολόγγι
60%
Ζ 9.772 Ζάκυνθος
58%
Λ 8.673 Λευκάδα
58%
Ε 11.407 Ερμούπολη
56%
Μ 27.871 Μυτιλήνη
56%
Α 22.209 Άργος
51%
Χ 26.850 Χίος
51%
Λ 21.379 Λιβαδειά
49%
Γ 29.789 Γιαννιτσά
40%
Ν 18.882 Νάουσα
36%
Δ 9.263 Διδυμότειχο
33%
Ξ 5.378 Ξυλόκαστρο
33%
Ο 18.426 Ορεστιάδα
33%
Ε 24.910 Ελευσίνα
31%
Ν 13.415 Ναύπακτος
31%
Ω 20.852 Ωραιόκαστρο
31%
Ψ 446 Ψαρά
29%
Π 32.142 Πτολεμαΐδα
24%
Φ 9.298 Φάρσαλα
24%
Ι 12.355 Ιεράπετρα
22%
Ο 5.238 Ορχομενός
22%
Ι 4.362 Ιτέα
18%
Ι 4.339 Ιστιαία
18%
Μ 23.456 Μέγαρα
18%
Ε 7.338 Ελασσόνα
16%
Ρ 5.252 Ρίο
16%
Υ 391 Υπάτη
16%
Ψ 5.827 Ψαχνά
16%
Λ 11.564 Λουτράκι
13%
Π 18.326 Περαία
13%
Σ 25.370 Σαλαμίνα
13%
Φ 5.969 Φιλιατρά
13%
Ι 11.331 Ιαλυσός
11%
Ω 1.066 Ωρωπός
11%
Β 15.885 Βάρη
9%
Ρ 12.168 Ραφήνα
9%
Τ 11.069 Τύρναβος
9%
Μ 11.327 Μάνδρα
7%
Δ 5.651 Διόνυσος
4%
Ζ 4.363 Ζευγολατιό
4%
Ζ 3.145 Ζαχάρω
4%
Θ 16.004 Θέρμη
4%
Ν 15.554 Νέα Μάκρη
4%
Χ 8.885 Χρυσούπολη
4%
Ψ 640 Ψαθόπυργος
4%
Ω 499 Ωραίο
4%
Γ 11.049 Γλυκά Νερά
2%
Η 3.786 Ηράκλεια
2%
Θ 6.200 Θρακομακεδόνες
2%
Μ 9.513 Μαρκόπουλο
2%
Σ 9.289 Σίνδος
2%
Χ 7.270 Χαλάστρα
2%
Β 6.571 Βασιλικό
0%
Β 5.323 Βροντάδος
0%
Γ 12.606 Γάζι
0%
Γ 7.847 Γιάννουλη
0%
Δ 9.890 Διαβατά
0%
Δ 7.186 Δροσία
0%
Ε 8.979 Επανομή
0%
Ζ 3.227 Ζηπάρι
0%
Ζ 2.171 Ζαγκλιβέρι
0%
Η 1.348 Ήφαιστος
0%
Θ 1.621 Θυμιανά
0%
Ν 9.489 Νέα Αρτάκη
0%
Ξ 2.554 Ξηροπόταμος
0%
Ξ 942 Ξυλαγανή
0%
Ξ 907 Ξινό Νερό
0%
Ο 6.308 Οβρυά
0%
Ο 2.979 Ορμύλια
0%
Ο 2.927 Οινόφυτα
0%
Ρ 3.509 Ροδίτσα
0%
Σ 9.348 Σητεία
0%
Τ 7.227 Τρίλοφος
0%
Τ 5.285 Τυμπάκι
0%
Υ 577 Ύψος
0%
Υ 479 Υδραία
0%
Υ 371 Υφαντές
0%
Υ 355 Υδρούσσα
0%
Φ 5.495 Φίλυρο
0%
Φ 5.457 Φέρες
0%
Ψ 729 Ψίνθος
0%
Ψ 662 Ψυχικό
0%
Ω 1.136 Ωρεοί
0%
Ω 404 Ωλένη
0%
No matching quizzes found
Score Distribution
Percent of People with Each Score
Percentile by Number Answered
Your Score History
You have not taken this quiz